AFL Top 5 Draft Picks since 2010 - Statistics

General Stats
  • This quiz has been taken 149 times
    36 since last reset
  • The average score is 34 of 80
Answer Stats
Year Pick Club Answer % Correct
2024 3 Carlton Jagga Smith
96%
2023 1 West Coast Harley Reid
92%
2019 1 Gold Coast Matt Rowell
88%
2024 1 Richmond Sam Lalor
88%
2019 4 GWS Lachlan Ash
84%
2024 5 Brisbane Levi Ashcroft
84%
2021 4 Collingwood Nick Daicos
84%
2019 2 Gold Coast Noah Anderson
84%
2022 2 Brisbane Will Ashcroft
84%
2025 1 West Coast Willem Duursma
84%
2023 4 North Melbourne Zane Duursma
84%
2025 2 Gold Coast Zeke Uwland
84%
2022 3 North Melbourne Harry Sheezel
80%
2020 1 Western Bulldogs Jamarra Ugle-Hagan
76%
2022 1 GWS Aaron Cadman
72%
2014 2 Melbourne Christian Petracca
72%
2023 2 North Melbourne Colby McKercher
72%
2021 1 North Melbourne Jason Horne-Francis
72%
2024 2 North Melbourne Finn O'Sullivan
68%
2025 3 Carlton Harry Dean
68%
2025 4 West Coast Cooper Duff-Tytler
64%
2015 1 Carlton Jacob Weitering
64%
2013 4 Western Bulldogs Marcus Bontempelli
64%
2018 4 St Kilda Max King
64%
2018 1 Carlton Sam Walsh
64%
2023 5 Hawthorn Nick Watson
60%
2021 2 Western Bulldogs Sam Darcy
60%
2018 5 Port Adelaide Connor Rozee
56%
2016 1 Essendon Andrew McGrath
52%
2017 1 Brisbane Cam Rayner
52%
2015 4 Melbourne Clayton Oliver
52%
2024 4 Adelaide Sid Draper
52%
2017 2 Fremantle Andrew Brayshaw
48%
2014 3 Melbourne Angus Brayshaw
48%
2022 4 North Melbourne George Wardlaw
48%
2012 1 GWS Lachie Whitfield
48%
2020 2 Adelaide Riley Thilthorpe
48%
2010 1 Gold Coast David Swallow
44%
2025 5 Gold Coast Dylan Patterson
40%
2022 5 Essendon Elijah Tsatas
40%
2021 3 GWS Finn Callaghan
40%
2023 3 Gold Coast Jed Walter
40%
2014 1 St Kilda Paddy McCartin
40%
2011 1 GWS Jonathan Patton
36%
2020 4 Sydney Logan McDonald
36%
2017 4 North Melbourne Luke Davies-Uniacke
36%
2019 3 Melbourne Luke Jackson
32%
2021 5 Gold Coast Mac Andrew
32%
2011 2 GWS Stephen Coniglio
32%
2019 5 Sydney Dylan Stephens
28%
2018 3 Gold Coast Izak Rankine
28%
2013 1 GWS Tom Boyd
28%
2014 5 Collingwood Jordan De Goey
24%
2013 2 GWS Josh Kelly
24%
2020 3 North Melbourne Will Phillips
24%
2010 4 West Coast Andrew Gaff
20%
2015 3 Sydney Callum Mills
20%
2016 3 Brisbane Hugh McCluggage
20%
2013 3 St Kilda Jack Billings
20%
2017 5 Fremantle Adam Cerra
16%
2020 5 Sydney Braeden Campbell
16%
2018 2 Gold Coast Jack Lukosius
16%
2017 3 Carlton Paddy Dow
16%
2010 2 Gold Coast Harley Bennell
12%
2015 2 Brisbane Josh Schache
12%
2010 3 Gold Coast Sam Day
12%
2016 2 GWS Tim Taranto
12%
2011 4 GWS Will Hoskin-Elliott
12%
2010 5 Brisbane Jared Polec
8%
2012 2 GWS Jonathan O'Rourke
8%
2016 4 Gold Coast Ben Ainsworth
4%
2015 5 Essendon Darcy Parish
4%
2011 3 GWS Dom Tyson
4%
2012 5 Western Bulldogs Jake Stringer
4%
2012 3 GWS Lachie Plowman
4%
2014 4 GWS Jarrod Pickett
0%
2012 4 Melbourne Jimmy Toumpas
0%
2013 5 Gold Coast Kade Kolodjashnij
0%
2011 5 GWS Matt Buntine
0%
2016 5 GWS Will Setterfield
0%
No matching quizzes found
Score Distribution
Percent of People with Each Score
Percentile by Number Answered
Your Score History
You have not taken this quiz since the last reset